| 000 | 01421nam0a2200349 4500 | ||
|---|---|---|---|
| 001 | RU\NLR\bibl\1775797 | ||
| 005 | 20260405102226.0 | ||
| 010 | _a978-5-397-01986-6 | ||
| 021 |
_aRU _b2011-36341 _92594 |
||
| 035 | _a(NLR Aleph) 001766563 | ||
| 090 |
_a1611320 _c1611320 |
||
| 100 | _a20110603d2011 |||y0rusy50 ca | ||
| 101 | 0 | _arus | |
| 102 | _aRU | ||
| 105 | _ay ||||||||| | ||
| 200 | 1 |
_aУ истоков русской грамматической мысли _fП.С. Кузнецов _gотв. ред. акад. В.И. Борковский |
|
| 205 | _aИзд. 2-е | ||
| 210 |
_aМосква _cURSS _cЛИБРОКОМ _d2011 |
||
| 215 |
_a75, [2] с. _d22 |
||
| 225 | 1 | _aЛингвистическое наследие XX века | |
| 300 | _aНа 4-й с. обл. авт.: П.С. Кузнецов, лингвист, д.филол.н., проф. | ||
| 320 | _aБиблиогр. в подтроч. прим. | ||
| 320 | _aДр. произведения авт. на 4-й с. обл. | ||
| 606 | 1 |
_aРусский язык _xГрамматика _xИстория _91570401 _3RU\NLR\auth\66987681 |
|
| 686 | _aШ141.12-2г | ||
| 700 | 1 |
_4070 _8rus _7ca _aКузнецов _bП. С. _cд-р филол. наук _f1899-1968 _gПетр Саввич _3RU\NLR\auth\7737991 _920978 |
|
| 801 | 0 |
_aRU _bNLR _c20110603 _gRCR |
|
| 801 | 1 |
_aRU _bNLR _c20110603 |
|
| 942 | _cBOOK | ||
| 980 | _aNB | ||
| 980 | _aNBR | ||